<?xml version='1.0' encoding='UTF-8'?>
  <record xmlns="http://www.loc.gov/MARC21/slim">
    <leader>00000cem a22000007i 4500</leader>
    <controlfield tag="001">ocm71398383</controlfield>
    <controlfield tag="003">OCoLC</controlfield>
    <controlfield tag="005">20260124130926.2</controlfield>
    <controlfield tag="007">ad aauun</controlfield>
    <controlfield tag="008">850205s1849    ne        u     0   dut d</controlfield>
    <datafield tag="040" ind1=" " ind2=" ">
      <subfield code="a">NLGGC</subfield>
      <subfield code="e">fobidrtb</subfield>
      <subfield code="b">dut</subfield>
      <subfield code="c">NLGGC</subfield>
      <subfield code="d">OCLCO</subfield>
      <subfield code="d">OCLCL</subfield>
      <subfield code="d">OCLCQ</subfield>
    </datafield>
    <datafield tag="029" ind1="0" ind2=" ">
      <subfield code="a">NLGGC</subfield>
      <subfield code="b">850660300</subfield>
    </datafield>
    <datafield tag="035" ind1=" " ind2=" ">
      <subfield code="a">(OCoLC)71398383</subfield>
    </datafield>
    <datafield tag="100" ind1="1" ind2=" ">
      <subfield code="a">Witteveen, J.W.</subfield>
    </datafield>
    <datafield tag="245" ind1="1" ind2="0">
      <subfield code="a">Baarderadeel, de vierde grietenij van Westergoo :</subfield>
      <subfield code="b">Kadastrale gemeenten: 1. Jorwerd. 2. Oosterwierum. 3. Baard, VIe kanton (Rauwerd), Ie arrondissement (Leeuwarden) 1844 ... : uitgegeven op last der Staten van Vriesland /</subfield>
      <subfield code="c">J.W. Witteveen delin[eavi]t ; D. en H. Veelwaard sculps[erun]t.</subfield>
    </datafield>
    <datafield tag="255" ind1=" " ind2=" ">
      <subfield code="a">1:25.000.</subfield>
    </datafield>
    <datafield tag="260" ind1=" " ind2=" ">
      <subfield code="a">Leeuwarden :</subfield>
      <subfield code="b">W. Eekhoff,</subfield>
      <subfield code="c">[1849]</subfield>
    </datafield>
    <datafield tag="300" ind1=" " ind2=" ">
      <subfield code="a">1 krt. :</subfield>
      <subfield code="b">kopergravure. ;</subfield>
      <subfield code="c">57,5x62,5 cm.</subfield>
    </datafield>
    <datafield tag="500" ind1=" " ind2=" ">
      <subfield code="a">Beschreven in: Koeman, Atlantes Neerlandici II, p. 101-102.</subfield>
    </datafield>
    <datafield tag="500" ind1=" " ind2=" ">
      <subfield code="a">Legenda.</subfield>
    </datafield>
    <datafield tag="507" ind1=" " ind2=" ">
      <subfield code="a">Schaalstok van 5.000 Ellen (= 19,2 cm).</subfield>
    </datafield>
    <datafield tag="580" ind1=" " ind2=" ">
      <subfield code="a">Nieuwe atlas van de provincie Friesland.</subfield>
    </datafield>
    <datafield tag="700" ind1="1" ind2=" ">
      <subfield code="a">Veelwaard, Danie͏̈l,</subfield>
      <subfield code="d">1796-1868,</subfield>
      <subfield code="e">joint author.</subfield>
      <subfield code="1">https://id.oclc.org/worldcat/entity/E39PBJmHK6T6rB6VMpVrFbhCQq</subfield>
    </datafield>
    <datafield tag="700" ind1="1" ind2=" ">
      <subfield code="a">Veelwaard, Hermanus,</subfield>
      <subfield code="d">1814-1872.,</subfield>
      <subfield code="e">joint author.</subfield>
    </datafield>
    <datafield tag="700" ind1="1" ind2=" ">
      <subfield code="a">Eekhoff, Wopke.,</subfield>
      <subfield code="e">joint author.</subfield>
    </datafield>
    <datafield tag="936" ind1=" " ind2=" ">
      <subfield code="a">BATCHLOAD</subfield>
    </datafield>
  </record>